000 00899cam a2200265 4500
001 ABS62670
008 000000n2000 000 0 eng u
035 _a(Sirsi) u107837
100 _aFitton, J.
245 _aHow to be the perfect host
260 _c2000
490 _aProperty Week
_v65(30) 28 July 2000, 62-63(2)
520 _aLooks at the requirements for internet hosting centres or 'hotels' and considers the challenges such buildings pose for surveyors. Covers power requirements, specifications and building costs.
590 _aABS
650 _aINTERNET HOTELS
650 _aINTERNET HOSTING CENTRES
650 _aBUILDING SURVEYORS
650 _aINTERNET PROVIDERS
650 _aOCCUPIERS REQUIREMENTS
650 _aSPECIFICATION
650 _aBUILT ENVIRONMENT-BUILDING COSTS
650 _aE-COMMERCE
690 _aBUILDING AND CONSTRUCTION-PROJECTS
942 _n0
999 _c64413
_d64413